| 000 | 00866nmm a2200277 a 4500 | ||
|---|---|---|---|
| 001 | ocm0001256757 | ||
| 003 | TR-IsHL | ||
| 005 | 20201028160334.0 | ||
| 008 | 150709s2013 tu tur | ||
| 007 | cr cn | ||
| 020 | _a9789753551670 | ||
| 035 |
_a1256757 _b(N$T) |
||
| 050 | 0 | 4 |
_aPL248.Ö93 _bH3 2013 |
| 090 | 0 | 4 |
_aPL248.Ö93 _bH3 2013 |
| 100 | 1 | _aÖzdenören, Rasim | |
| 245 | 1 | 0 |
_aHastalar ve ışıklar _h[electronic resource] / _cRasim Özdenören |
| 250 | _a7. basım | ||
| 260 |
_aİstanbul : _bİz Yayıncılık, _c2013 |
||
| 300 | _a126 p. | ||
| 650 | 4 | _aDil ve Edebiyat | |
| 650 | 4 | _aLanguage and Literature | |
| 650 | 0 | _aTürk denemeleri | |
| 650 | 0 | _aTurkish essays | |
| 650 | 7 |
_aLITERARY COLLECTIONS / Middle Eastern _2bisacsh |
|
| 856 | 4 | 0 | _uhttp://search.ebscohost.com/login.aspx?direct=true&scope=site&db=e011xww&AN=1256757 |
| 999 |
_c13550 _d13550 |
||